Statistics for Fantastic Beasts (names) in Harry Potter Wizarding World

Click here to take the quiz!

General Stats

  • This quiz has been taken 30 times
  • The average score is 6 of 86

Answer Stats

HintAnswer% Correct
Acromantula / Acromantule
45%
Bowtruckle / Botruc
41%
Chevaux ailésThestral / Sombral
36%
Ashwinder / Serpencendre
27%
Centaure
27%
Basilic
23%
Gnome
18%
Kappa
18%
DragonsMagyar à pointes
18%
Mooncalf / Veaudelune
18%
Occamy
18%
Phenix
18%
DragonsVert gallois commun
18%
Billywig
14%
Bundimun / Bandimon
14%
Demiguise
14%
Fwooper / Focifère
14%
Hippogriffe
14%
Kneazle / Fléreur
14%
Doxy
9%
Dugbog / Fangieux
9%
Erumpent / Eruptif
9%
DragonsNorvégien à crête
9%
Nundu
9%
DragonsPanse de fer ukrainien
9%
Puffskein / Boursouf
9%
Red cap / Chaporouge
9%
Veracrasse
9%
Chevaux ailésAbraxan
5%
DragonsBoudefeu chinois
5%
Clabbert
5%
Crabbe de feu
5%
Erkling
5%
Graphorn / Grapcorne
5%
Griffon
5%
Jarvey / Chartier
5%
Licorne
5%
Loup-garou
5%
Lutin
5%
Moke
5%
Murtlap / Murlap
5%
Niffleur
5%
DragonsOpaloeil des antipodes
5%
Plimpy / Boullu
5%
Porlock
5%
Quintaped
5%
Runespoor
5%
Sphinx
5%
DragonsSuédois à museau court
5%
Troll
5%
Chimère
0%
Chizpurfle / Ciseburine
0%
DragonsCornelongue roumain
0%
Croup / Crup
0%
DragonsDent de vipère du pérou
0%
Diablotin
0%
Diricawl / Dirico
0%
Chevaux ailésEthonan
0%
Etres de l'eau
0%
Farfadet
0%
Fée
0%
Glumbulble / Grinchebourdon
0%
Goule
0%
Chevaux ailésGronian
0%
Hippocampe
0%
Horklump / Horglup
0%
Jobberkmoll / Jobarbille
0%
Kelpy
0%
Knarl / Noueux
0%
Lethifolde / Moremplis
0%
Lobalug / Verlieu
0%
Mackled malaclaw / Malagrif tacheté
0%
Manticore
0%
Nogtail / Licheur
0%
DragonsNoir des hébrides
0%
Pogrebin / Povrebine
0%
Re'em
0%
Rémora
0%
Salamandre
0%
Serpent de mer
0%
Shrake / Sharak
0%
Strangulot
0%
Streeler / Musard
0%
Tébo
0%
Vivet doré
0%
Yéti
0%

Score Distribution

Percentile by Number Answered

Percent of People with Each Score

Your Score History

You have not taken this quiz